000 00356nam a2200145Ia 4500
008 151213s9999 xx 000 0 und d
100 _aV. D. Mahajan
245 _aJurisprudence & Legal Theory
_cV. D. Mahajan
260 _aLeknow
_bEastern Book
_c2005
300 _a2093 p.
650 _aLaw
650 _aLaw
700 _aV. D. Mahajan
999 _c1543
_d1543